|
|
|
|
| LEADER |
00000nab a2200000 a 4500 |
| 001 |
vtls010060363 |
| 003 |
SK-MaSNL |
| 005 |
20260305003657.0 |
| 008 |
140402c2010 xo mr|p|||||||000 b|slo |
| 015 |
|
|
|a SNBRB2010/02
|
| 038 |
|
|
|a SNKBUCL
|
| 040 |
|
|
|a SNKBUCL
|b slo
|c SNKBUCL
|e AACR2
|
| 041 |
0 |
|
|a slo
|
| 044 |
|
|
|a xo
|c SK
|
| 080 |
|
|
|a 252:284.1(437.6)
|2 1997
|
| 080 |
|
|
|a 284.1
|2 1997
|
| 100 |
1 |
|
|a Danko, Radoslav
|4 aut
|9 366445
|
| 245 |
1 |
0 |
|a Rozhodujúce je začať žiť pre Krista
|c Radoslav Danko
|
| 300 |
|
|
|b Fotogr.
|
| 610 |
2 |
7 |
|a Evanjelická cirkev a. v. na Slovensku
|2 snkbucl
|9 1031867
|
| 650 |
0 |
7 |
|a homílie
|2 snkbucl
|9 114989
|
| 773 |
0 |
|
|t Evanjelický posol spod Tatier
|g Roč. 100, č. 4 (2010), s. 1-[2]
|x 0139-8768
|
| 852 |
|
|
|a SNK
|b KIS3GCP
|
| 958 |
|
|
|a NT
|
| 999 |
|
|
|c 3231621
|d 3233551
|